gminy powiatu oświęcimskiego z mapą - Statystyki

Ogólne statystyki
  • Ten quiz został rozwiązany 91 razy
  • Średni wynik to 7 z 9
Odpowiedzi na mapie
Odpowiedzi zakodowano w zielono-czerwonej skali na mapie do tego quizu, zgodnie z poniższymi procentami.
 
Statystyki odpowiedzi
Wskazówka Odpowiedź % Poprawnych
gmina miejska Oświęcim
98%
gmina wiejska Oświęcim
98%
gmina miejsko-wiejska Zator
81%
gmina miejsko-wiejska Brzeszcze
77%
gmina miejsko-wiejska Kęty
76%
gmina miejsko-wiejska Chełmek
71%
gmina wiejska Osiek
66%
gmina wiejska Polanka Wielka
56%
gmina wiejska Przeciszów
56%
Nie znaleziono quizów pasujących do podanych kryteriów
Rozkład punktacji
Procent ludzi z każdym wynikiem
Percentyl według liczby udzielonych odpowiedzi
Twoja historia wyników
Nie rozwiązałeś tego quizu